Transpiration from 100-yr old lodgepole forests estimated with whole-tree potometers (Record no. 46034)

MARC details
000 -LEADER
fixed length control field 00415nam a2200157Ia 4500
100 ## - MAIN ENTRY--AUTHOR NAME
Personal name Knight DH
245 #0 - TITLE STATEMENT
Title Transpiration from 100-yr old lodgepole forests estimated with whole-tree potometers
260 ## - PUBLICATION, DISTRIBUTION, ETC. (IMPRINT)
Name of publisher Ecology
Year of publication 1981
300 ## - PHYSICAL DESCRIPTION
Number of Pages 717-726
700 ## - ADDED ENTRY--PERSONAL NAME
Personal name Fahey TJ
700 ## - ADDED ENTRY--PERSONAL NAME
Personal name Harrison AT
700 ## - ADDED ENTRY--PERSONAL NAME
Personal name Running SW
700 ## - ADDED ENTRY--PERSONAL NAME
Personal name Wallace LL
942 ## - ADDED ENTRY ELEMENTS (KOHA)
Koha item type Reprints
Holdings
Withdrawn status Lost status Damaged status Not for loan Home library Current library Date acquired Serial Enumeration / chronology Koha item type
      Reprints RRII Library RRII Library 22/12/2021 Volume 62, Issue Reprints